000 00643nam a22002177a 4500
999 _c3660
_d3660
001 3660
003 BD-JhCC
005 20171115203223.0
008 171115s1964 ii |||| ||a| 00| 0 ben d
035 _a(BD-JhCC)3660
040 _aBD-JhCC
_dBD-JhCC
041 _aben
082 _a891.4415
_bTHA 1964
100 _aঠাকুর, রবীন্দ্রনাথ
245 _aগীতাঞ্জলি /
_cরবীন্দ্রনাথ ঠাকুর
260 _aকোলকাতা :
_bবিশ্বারতি,
_c1964.
300 _a195 p. :
_c18 cm. :
650 _aBengali Poetry
942 _2ddc
_cBK